The Jurassic world chaos theory quiz season 1 - Statistics

General Stats
  • This quiz has been taken 567 times
  • The average score is 16 of 22
Answer Stats
Question Answer % Correct
What does Kenji do? Rockclimbing
94%
Who is Kenji's father? Daniel Kon
93%
Who is the first person to meet Darius? Ben
92%
Which dinosaur is half blind Allosaurus
87%
Who did Sammy keep at her farm? Bumpy
87%
Is Brooklyn alive? Yes
86%
What does Sammy make? Pies
85%
Did Bumpy lay an egg? Yes
83%
Daniel Kon died to.... Atrociraptors
80%
What can be seen from the top of the mountain? Parasaurolophus
78%
What is the name of the place Yasmina lives in? Dino-free-zone
76%
Who is the main villain of season 1 The atrociraptor lady
75%
Who saved Darius and Kenji (At Daniel Kon's house) Matteo
74%
Who does Sammy argue with? Carl
70%
Which dino attacks the place Yasmina lives in? Becklespinax
67%
Which one is the name of an Atrociraptor? Tiger
56%
The Atrociraptor group is....... Tiger,Panthera,Ghost
51%
Who stays with Kenji? Darius
48%
What do Sammy and Ben save from Bobby's Park? Stygimoloch
48%
What is the first dinosaur shown at episode-1?(Aftershock) Pachyrhinosaurus
45%
On their way to Sammy's house; which dinosaur do they meet at the gas station? Nasutoceratops
41%
When was the series released? May 24
37%
No matching quizzes found
Score Distribution
Percent of People with Each Score
Percentile by Number Answered
Your Score History
You have not taken this quiz